000 01316nam a2200361 a 4500
001 ebr10076713
003 CaPaEBR
006 m u
007 cr cn|||||||||
008 050808s2004 enk b 000 0 eng
010 _z 2003108068
015 _aGBA3-T6993
020 _z9781847875136
020 _z0761974423
040 _aCaPaEBR
_cCaPaEBR
035 _a(OCoLC)465217845
050 1 4 _aRA418
_b.G27 2004eb
082 0 4 _a363.1/042
_222
100 1 _aGabe, Jonathan.
245 1 0 _aKey concepts in medical sociology
_h[electronic resource] /
_cJonathan Gabe, Mike Bury, and Mary Ann Elston.
260 _aLondon ;
_aThousand Oaks, Calif. :
_bSAGE Publications,
_cc2004.
300 _axviii, 256 p.
490 1 _aSAGE key concepts
504 _aIncludes bibliographical references.
533 _aElectronic reproduction.
_bPalo Alto, Calif. :
_cebrary,
_d2013.
_nAvailable via World Wide Web.
_nAccess may be limited to ebrary affiliated libraries.
650 0 _aSocial medicine.
655 7 _aElectronic books.
_2local
700 1 _aBury, Michael,
_d1945-
700 1 _aElston, Mary Ann.
710 2 _aebrary, Inc.
830 0 _aSAGE key concepts.
856 4 0 _uhttp://site.ebrary.com/lib/rucke/Doc?id=10076713
_zAn electronic book accessible through the World Wide Web; click to view
999 _c53499
_d53499